Meditaciones sobre el credo apostólico /

Compilación de meditaciones sobre el símbolo de la fe, o credo, llamado "de los apóstoles". El credo condensa las afirmaciones teológicas que la Iglesia profesa, y ésta versión, compuesta de manera paulatina durante los siglos de historia de la cristiandad, cobró importancia y aprecio en el siglo XX...

Deskribapen osoa

Gorde:
Xehetasun bibliografikoak
Egile nagusia: Balthasar, Hans Urs von (autor)
Beste egile batzuk: Ruiz Garrido, Constantino (traducción) (traducción), Kehl, Medard (introducción) (introducción)
Formatua: Liburua
Hizkuntza:gaztelania
Argitaratua: Salamanca, España : Sígueme : 1997, c1991
Edizioa:2a edición
Saila:(Pedal ; 207)
Gaiak:
Etiketak: Etiketa erantsi
Etiketarik gabe, Izan zaitez lehena erregistro honi etiketa jartzen!

MARC

LEADER 00000nam^a2200000^a^4500
001 000391286
005 20250621000000.0
009 20260310121210.467
020 |a 84-301-1136-7 
037 |a Acervo ITESO - Biblioteca 
041 |a ESP 
082 |a 238. 11  |b BAL 
100 |a Balthasar, Hans Urs von  |e (autor) 
245 1 0 |a Meditaciones sobre el credo apostólico /  |c H.U. von Balthasar ; introd. de M. Kehl ; tr. por C. Ruiz Garrido. 
250 |a 2a edición 
264 4 |a Salamanca, España :  |b Sígueme :  |c 1997, c1991 
300 |a 91 p. 
336 |a texto  |b txt  |2 rdacontenido 
337 |a sin mediación  |b n  |2 rdamedio 
338 |a volumen  |b nc  |2 rdasoporte 
440 1 |a (Pedal ;  |v 207) 
500 |a Traducción de: Credo. Meditationen zum Apostolischen Glaubensbekenntnis 
520 |a Compilación de meditaciones sobre el símbolo de la fe, o credo, llamado "de los apóstoles". El credo condensa las afirmaciones teológicas que la Iglesia profesa, y ésta versión, compuesta de manera paulatina durante los siglos de historia de la cristiandad, cobró importancia y aprecio en el siglo XX a raíz del movimiento ecuménico y de la reforma litúrgica. 
649 |a XX 
650 |a Iglesia Católica -  |x Catecismos y Credos 
650 |a Credo de los Apóstoles -  |x Historia y Crítica -  |x Tema Principal 
650 |a Credos -  |x Historia y Crítica 
650 |a Catecismos 
650 |a Teología Doctrinal 
650 |a Catolicismo 
650 |a Cristianismo 
650 |a Religión 
700 |a Ruiz Garrido, Constantino  |e (traducción) 
700 |a Kehl, Medard  |e (introducción) 
910 |a Fondo General 
920 |a Impresos - Libros 
930 |a Colección General 
905 |a 101 
901 |a 0500285974  |b IT1  |c ACC  |d DT  |i D78130  |u 20250621 
902 |a https://opac.biblio.iteso.mx/vufind/Record/000391286